Alacakaranlık kavşağı / (Kayıt no. 499)

MARC ayrıntıları
000 -BAŞLIK
Sabit Uzunluktaki Kontrol Alanı 00585nam a22002057a 4500
001 - KONTROL NUMARASI
Control Dosyası 00488
003 - KONTROL NUMARASI KİMLİĞİ
Kontrol Alanı KOHA_MİRAKIL
005 - EN SON İŞLEM TARİHİ ve ZAMANI
Kontrol Alanı 20240914231531.0
008 - SABİT UZUNLUKTAKİ VERİ ÖGELERİ - GENEL BİLGİ
Sabit Alan 240915b tu ||||| |||| 00| 0 tur d
020 ## - ISBN - ULUSLARARASI STANDART KİTAP NUMARASI
Isbn 9786258475272
040 ## - KATALOGLAMA KAYNAĞI
Özgün Kataloglama Kurumu TR-AnABB
Kataloglama Dili tur
Çeviri Kurumu TR-AnABB
041 ## - DİL KODU
Metin ya da ses kaydının dil kodu tur
082 ## - DEWEY ONU SINIFLAMA SİSTEMİ
Sınıflama Numarası 828.3354
Cutter numarası JOR 2021
100 ## - KİŞİ ADI
Yazar Adı (Kişi adı) Jordan, Robert
245 #0 - ESER ADI BİLDİRİMİ
Başlık Alacakaranlık kavşağı /
Sorumluluk Bildirimi Robert Jordan ; çeviren : Niran Elçi.
260 ## - YAYIN, DAĞITIM, VB.
Yayın Yeri İstanbul :
Yayınevi İthaki Yayınları,
Yayın Tarihi 2021.
300 ## - FİZİKSEL TANIMLAMA
Sayfa, Cilt vb. 618 sayfa ;
Boyutları 22 cm.
650 ## - KONU BAŞLIĞI EK GİRİŞ - KONU TERİMİ
Konusal terim veya coğrafi ad Amerikan edebiyatı, roman
942 ## - EK GİRİŞ ÖGELERİ (KOHA)
Sınıflama Kaynağı Dewey Decimal Classification
Materyal Türü Kitap
Mevcut
Geri Çekilme Durumu Kayıp Durumu Sınıflandırma Kaynağı Kredi için değil Kalıcı Konum Mevcut Konum Kayıt Tarih Edinim Kaynağı Toplam Ödünçverme Yer Numarası Demirbaş Numarası Son Görülme Tarihi Fatura Tarihi Materyal Türü
    Dewey Decimal Classification   Büyükşehir Genç Akademi Batıkent Büyükşehir Genç Akademi Batıkent 29/04/2025     828.3354 JOR 2021 ABB124333 29/04/2025 29/04/2025 Kitap
    Dewey Decimal Classification   YHT Gar Çalışma İstasyonu YHT Gar Çalışma İstasyonu 15/09/2024     828.3354 JOR 2021 ABB101488 14/09/2024 14/09/2024 Kitap